000 00785nam a2200253 a 4500
001 63706
003 BD-RjUL
005 20211209081226.0
008 170202s1970 enkacf 001 0 eng d
020 _a0297003372
035 _a(BD-RjUL)63835
040 _aUKM
_cUKM
_dBD-RjUL
_beng
041 _aeng
082 0 4 _a973.9230924
_223
_bJOW 1970
100 1 _aJohnson, Lady Bird.
_9189164
245 1 2 _aA White House diary /
_cLady Bird Johnson.
260 _aLondon :
_bWeidenfeld & Nicolson,
_c1970.
300 _axiv, 806 p. :
_bill. ;
_c24 cm.
500 _aIncludes index.
600 1 0 _aJohnson, Lyndon B.
_q(Lyndon Baines),
_d1908-1973.
_9190074
650 0 _aPresidents
_xHistory
_y20th century
_9189166
651 0 _xPolitics and government
_y1963-1969.
_9189167
942 _2ddc
_cBK
999 _c63706
_d63706